[Event "Berlin-ch Seniors op 36th"]
[Site "Berlin"]
[Date "2020.02.03"]
[Round "6.15"]
[White "Hildebrand, Gerald"]
[Black "Hesselbarth, Karlheinz"]
[Result "1-0"]
[WhiteElo "2114"]
[BlackElo "1662"]
[PlyCount "93"]
[EventDate "2020.01.28"]
[EventType "swiss"]
[EventRounds "9"]
[EventCountry "GER"]
[SourceTitle "EXT 2024"]
[Source "ChessBase"]
[SourceDate "2023.10.10"]
[SourceVersion "1"]
[SourceVersionDate "2023.10.10"]
[SourceQuality "1"]

1. d4 d5 2. c4 c6 3. Nc3 dxc4 4. e3 b5 5. a4 b4 6. Nb1 Ba6 7. Nf3 Nf6 8. Be2 e6 9. Ne5 Qd5 10. Bf3 Ne4 11. Nd2 f5 12. Qc2 b3 13. Qb1 Bb4 14. 0-0 Bxd2 15. Bxe4 fxe4 16. Bxd2 c3 17. Bxc3 Bxf1 18. Qxf1 0-0 19. Bb4 Rf5 20. Rc1 a5 21. Ba3 Rxe5 22. dxe5 Qxe5 23. Rd1 Na6 24. Qc4 Nb4 25. Qxb3 c5 26. Qc4 Rf8 27. Rd2 Qf5 28. Bxb4 axb4 29. b3 Kf7 30. h3 Qe5 31. Qe2 Ke7 32. Qd1 Kf6 33. Qg4 Rf7 34. h4 g6 35. g3 h5 36. Qd1 Kg7 37. Kg2 Qf5 38. Qa1+ Qf6 39. Qc1 Qe5 40. Qc4 Rc7 41. Qb5 Kf6 42. Qe8 Kf5 43. Kh3 Qf6 44. Qb8 Qe7 45. Rd8 e5 46. Rf8+ Ke6 47. Re8 1-0

[Event "Berlin Lichtenberger op 18th"]
[Site "Berlin"]
[Date "2019.08.24"]
[Round "8"]
[White "Hesselbarth, Karlheinz"]
[Black "Korell, Klaus Peter"]
[Result "0-1"]
[WhiteElo "1692"]
[BlackElo "1816"]
[PlyCount "106"]
[EventDate "2019.08.17"]
[EventType "swiss"]
[EventRounds "9"]
[EventCountry "GER"]
[SourceTitle "EXT 2020"]
[Source "ChessBase"]
[SourceDate "2019.10.17"]
[SourceVersion "1"]
[SourceVersionDate "2019.10.17"]
[SourceQuality "1"]

1. d4 Nf6 2. c4 e6 3. Nc3 d5 4. Bg5 Be7 5. e3 0-0 6. Nf3 b6 7. cxd5 exd5 8. Bd3 Bb7 9. 0-0 Ne4 10. Bxe7 Qxe7 11. Ne5 Nd7 12. f4 f5 13. Rc1 c5 14. Qe2 Rf6 15. Rfd1 c4 16. Bxe4 fxe4 17. b3 cxb3 18. axb3 a6 19. Qg4 Nxe5 20. dxe5 Rg6 21. Qe2 Rd8 22. Qd2 d4 23. g3 d3 24. Ne2 Qd7 25. Nd4 h5 26. Kh1 Rg4 27. Qf2 Rc8 28. Qd2 h4 29. Rxc8+ Bxc8 30. Rg1 hxg3 31. hxg3 Qf7 32. Rg2 Rg6 33. Kg1 Bg4 34. Qc3 Rh6 35. Qd2 Qh5 36. Kf2 Qh1 37. Qe1 Qxe1+ 38. Kxe1 Rh1+ 39. Kd2 Rd1+ 40. Kc3 Rc1+ 41. Kb2 Re1 42. Kc3 Rh1 43. f5 Rf1 44. Ne6 Bxf5 45. Nf4 Kf7 46. g4 Bc8 47. Kd4 Bb7 48. Nd5 b5 49. g5 Ke6 50. Nc3 Rc1 51. Rd2 Rg1 52. Rf2 Rxg5 53. Nxe4 Rg4 0-1

[Event "Berlin Lichtenberger op 18th"]
[Site "Berlin"]
[Date "2019.08.22"]
[Round "6"]
[White "Hesselbarth, Karlheinz"]
[Black "Rehder, Frank"]
[Result "1/2-1/2"]
[WhiteElo "1692"]
[BlackElo "1793"]
[PlyCount "39"]
[EventDate "2019.08.17"]
[EventType "swiss"]
[EventRounds "9"]
[EventCountry "GER"]
[SourceTitle "EXT 2020"]
[Source "ChessBase"]
[SourceDate "2019.10.17"]
[SourceVersion "1"]
[SourceVersionDate "2019.10.17"]
[SourceQuality "1"]

1. d4 Nf6 2. c4 g6 3. Nc3 Bg7 4. e4 d6 5. f3 0-0 6. Bg5 Nbd7 7. Nh3 h6 8. Be3 Kh7 9. Be2 e5 10. d5 b6 11. Qd2 Nc5 12. Nf2 a6 13. 0-0 Nh5 14. b4 Nd7 15. Nd3 f5 16. c5 f4 17. Bf2 dxc5 18. bxc5 bxc5 19. Nxc5 Nb6 20. a4 1/2-1/2

[Event "Berlin Lichtenberger op 18th"]
[Site "Berlin"]
[Date "2019.08.19"]
[Round "3"]
[White "Grassi, Fabrizio"]
[Black "Hesselbarth, Karlheinz"]
[Result "1/2-1/2"]
[WhiteElo "1861"]
[BlackElo "1692"]
[PlyCount "42"]
[EventDate "2019.08.17"]
[EventType "swiss"]
[EventRounds "9"]
[EventCountry "GER"]
[SourceTitle "EXT 2020"]
[Source "ChessBase"]
[SourceDate "2019.10.17"]
[SourceVersion "1"]
[SourceVersionDate "2019.10.17"]
[SourceQuality "1"]

1. d4 d5 2. Bf4 Nf6 3. e3 g6 4. Bd3 Bg7 5. Nf3 0-0 6. 0-0 Nbd7 7. c4 c6 8. Nc3 dxc4 9. Bxc4 Nh5 10. Bg5 h6 11. Bh4 Nb6 12. Bd3 Bg4 13. h3 Bxf3 14. Qxf3 Rc8 15. Rfd1 Qe8 16. Rac1 f5 17. Be2 Nf6 18. Bg3 Nh5 19. h4 g5 20. hxg5 hxg5 21. Bd3 Qg6 1/2-1/2

[Event "Berlin Lichtenberger op 17th"]
[Site "Berlin"]
[Date "2018.08.24"]
[Round "7"]
[White "Hoemke, Holger"]
[Black "Hesselbarth, Karlheinz"]
[Result "0-1"]
[WhiteElo "1578"]
[BlackElo "1723"]
[PlyCount "90"]
[EventDate "2018.08.18"]
[EventType "swiss"]
[EventRounds "9"]
[EventCountry "GER"]
[SourceTitle "CBM 186 Extra"]
[Source "ChessBase"]
[SourceDate "2018.08.24"]
[SourceVersion "1"]
[SourceVersionDate "2018.08.24"]
[SourceQuality "1"]

1. c4 c6 2. Nc3 d5 3. cxd5 cxd5 4. d4 Nf6 5. Nf3 g6 6. e3 Bg7 7. Be2 0-0 8. b3 Nc6 9. 0-0 Bf5 10. Nh4 Bd7 11. Bb2 Rc8 12. a3 Qc7 13. Rc1 Qb8 14. Nf3 Rfd8 15. Nd2 e6 16. g4 Ne7 17. g5 Ne8 18. Nf3 Nd6 19. Nh4 Bc6 20. f4 Nef5 21. Ng2 Qc7 22. Qe1 Qe7 23. h4 h5 24. Qf2 Rf8 25. a4 f6 26. Ba3 fxg5 27. hxg5 Rcd8 28. Nh4 Kf7 29. Nf3 Qe8 30. Ne5+ Kg8 31. Bd3 Kh7 32. Nb5 Rh8 33. Nxa7 Bxe5 34. Nxc6 bxc6 35. dxe5 Nf7 36. e4 dxe4 37. Bxe4 Ne7 38. Bxe7 Qxe7 39. Rxc6 Rhf8 40. Qc2 Nxe5 41. fxe5 Qxg5+ 42. Qg2 Qe3+ 43. Kh2 Rd2 44. Bxg6+ Kh6 45. Qxd2 Qxd2+ 0-1

[Event "Berlin-ch Seniors op 34th"]
[Site "Berlin"]
[Date "2018.02.01"]
[Round "3"]
[White "Hesselbarth, Karlheinz"]
[Black "Kohlmeyer, Dagobert"]
[Result "1-0"]
[WhiteElo "1739"]
[BlackElo "1858"]
[PlyCount "59"]
[EventDate "2018.01.30"]
[EventType "swiss"]
[EventRounds "9"]
[EventCountry "GER"]
[SourceTitle "EXT 2020"]
[Source "ChessBase"]
[SourceDate "2019.10.17"]
[SourceVersion "1"]
[SourceVersionDate "2019.10.17"]
[SourceQuality "1"]

1. d4 Nf6 2. c4 g6 3. Nc3 d5 4. Bg5 dxc4 5. e4 Bg7 6. Bxc4 c6 7. f3 0-0 8. Qd2 b5 9. Bb3 a5 10. Nge2 a4 11. Bc2 Be6 12. 0-0 Bc4 13. Rf2 Bxe2 14. Rxe2 Qb6 15. e5 Nd5 16. Nxd5 cxd5 17. Bxe7 Rc8 18. Bc5 Rxc5 19. dxc5 Qxc5+ 20. Kh1 Nc6 21. Qc3 Qxc3 22. bxc3 Bxe5 23. Rae1 Bxc3 24. Re8+ Rxe8 25. Rxe8+ Kg7 26. Rc8 d4 27. Rxc6 a3 28. Kg1 b4 29. Kf1 d3 30. Bxd3 1-0

[Event "Berlin-ch Seniors op 34th"]
[Site "Berlin"]
[Date "2018.01.31"]
[Round "2"]
[White "Paris, Gerhard"]
[Black "Hesselbarth, Karlheinz"]
[Result "0-1"]
[WhiteElo "1476"]
[BlackElo "1739"]
[PlyCount "86"]
[EventDate "2018.01.30"]
[EventType "swiss"]
[EventRounds "9"]
[EventCountry "GER"]
[SourceTitle "EXT 2020"]
[Source "ChessBase"]
[SourceDate "2019.10.17"]
[SourceVersion "1"]
[SourceVersionDate "2019.10.17"]
[SourceQuality "1"]

1. e4 c5 2. Nc3 Nc6 3. g3 Nf6 4. Bg2 g6 5. d3 Bg7 6. Be3 d6 7. Qd2 Ng4 8. Nh3 Nxe3 9. fxe3 e5 10. Nf2 Be6 11. h4 h5 12. Bh3 Qd7 13. Bxe6 fxe6 14. Qe2 0-0-0 15. a3 Kb8 16. Na2 Rhf8 17. 0-0 Rc8 18. b4 Rc7 19. b5 Na5 20. a4 c4 21. Qd2 b6 22. Nb4 Kb7 23. Rab1 d5 24. Na6 Rcc8 25. Nh3 dxe4 26. Rxf8 Rxf8 27. Qg2 Rf3 28. Ng5 cxd3 29. Nxf3 dxc2 30. Qxc2 exf3 31. Qe4+ Qd5 32. Qxd5+ exd5 33. Rc1 Nc4 34. e4 Bh6 35. Rc2 Be3+ 36. Kf1 Bd4 37. Ke1 f2+ 38. Ke2 f1Q+ 39. Kxf1 Ne3+ 40. Ke2 Nxc2 41. Kd3 Ne3 42. exd5 Nxd5 43. Ke4 Nc3+ 0-1

[Event "Berlin-ch Seniors op 33rd"]
[Site "Berlin"]
[Date "2017.02.09"]
[Round "9"]
[White "Bremer, Helmut"]
[Black "Hesselbarth, Karlheinz"]
[Result "0-1"]
[WhiteElo "1324"]
[BlackElo "1704"]
[PlyCount "70"]
[EventDate "2017.01.31"]
[EventType "swiss"]
[EventRounds "9"]
[EventCountry "GER"]
[SourceTitle "EXT 2019"]
[Source "ChessBase"]
[SourceDate "2018.10.10"]
[SourceVersion "1"]
[SourceVersionDate "2018.10.10"]
[SourceQuality "1"]

1. e4 c5 2. f4 e6 3. Nf3 d5 4. e5 Nc6 5. c3 Qb6 6. d3 Nge7 7. b3 Bd7 8. Be2 Nf5 9. Ng5 Be7 10. 0-0 Bxg5 11. fxg5 Nxe5 12. Kh1 Bc6 13. Bf4 Ng6 14. Bd2 0-0-0 15. Be1 Ne3 16. Qd2 Nxf1 17. Bxf1 h6 18. Bg3 e5 19. Qf2 Rdf8 20. Bxe5 Nxe5 21. Qf5+ Nd7 22. Nd2 hxg5 23. Qxg5 Qc7 24. h3 Qe5 25. Qg4 f5 26. Qg6 Qf6 27. Qg3 f4 28. Qf2 Qxc3 29. Qe1 Re8 30. Qd1 Re6 31. Rc1 Qf6 32. Nb1 d4 33. Na3 f3 34. g4 f2+ 35. Kh2 Qf4# 0-1

[Event "Berlin-ch Seniors op 33rd"]
[Site "Berlin"]
[Date "2017.02.03"]
[Round "4"]
[White "Hesselbarth, Karlheinz"]
[Black "Grunewald, Peter"]
[Result "1-0"]
[WhiteElo "1704"]
[BlackElo "1872"]
[PlyCount "73"]
[EventDate "2017.01.31"]
[EventType "swiss"]
[EventRounds "9"]
[EventCountry "GER"]
[SourceTitle "EXT 2019"]
[Source "ChessBase"]
[SourceDate "2018.10.10"]
[SourceVersion "1"]
[SourceVersionDate "2018.10.10"]
[SourceQuality "1"]

1. d4 Nf6 2. c4 e6 3. Nc3 d5 4. Bg5 h6 5. Bh4 Be7 6. e3 0-0 7. Rc1 b6 8. cxd5 exd5 9. Nf3 Bb7 10. Bd3 c5 11. 0-0 c4 12. Bb1 Nc6 13. Ne5 Ne4 14. Bxe7 Nxe7 15. Nxe4 dxe4 16. Nxc4 f5 17. Ne5 Kh7 18. Qe2 Nd5 19. f4 Rc8 20. Qd2 Qe7 21. Rxc8 Rxc8 22. a3 Qc7 23. g4 g6 24. h3 Kg7 25. Kh2 Ne7 26. Qg2 Qd6 27. Ba2 Kh7 28. Rg1 Bd5 29. Bxd5 Nxd5 30. Qe2 Qc7 31. Rg2 Qc1 32. Qb5 Nf6 33. gxf5 Qxe3 34. Nxg6 Qd3 35. Qe5 Rc2 36. Qe7+ Kg8 37. Qf8+ 1-0

[Event "Berlin-ch Seniors op 32nd"]
[Site "Berlin"]
[Date "2016.01.28"]
[Round "3"]
[White "Hesselbarth, Karlheinz"]
[Black "Leimbrock, Klaus Dieter"]
[Result "1-0"]
[WhiteElo "1725"]
[BlackElo "1230"]
[PlyCount "43"]
[EventDate "2016.01.26"]
[EventType "swiss"]
[EventRounds "9"]
[EventCountry "GER"]
[SourceTitle "EXT 2019"]
[Source "ChessBase"]
[SourceDate "2018.10.10"]
[SourceVersion "1"]
[SourceVersionDate "2018.10.10"]
[SourceQuality "1"]

1. d4 d5 2. c4 e6 3. Nc3 Nf6 4. Bg5 Be7 5. e3 Nbd7 6. Nf3 0-0 7. Bd3 dxc4 8. Bxc4 Nb6 9. Bd3 Nbd5 10. 0-0 b6 11. Rc1 Bb7 12. Ne5 Rc8 13. Qe2 a5 14. f4 Nxc3 15. Rxc3 Nd5 16. Rcc1 Bxg5 17. fxg5 Qxg5 18. Rf3 Nb4 19. Rg3 Qe7 20. Bxh7+ Kxh7 21. Qh5+ Kg8 22. Rh3 1-0

[Event "Berlin Lichtenberger op 14th"]
[Site "Berlin"]
[Date "2015.08.20"]
[Round "6"]
[White "Hesselbarth, Karlheinz"]
[Black "Bergmann, Jens"]
[Result "0-1"]
[WhiteElo "1732"]
[BlackElo "1907"]
[PlyCount "50"]
[EventDate "2015.08.15"]
[EventType "swiss"]
[EventRounds "9"]
[EventCountry "GER"]
[SourceTitle "EXT 2016"]
[Source "ChessBase"]
[SourceDate "2015.10.08"]
[SourceVersion "1"]
[SourceVersionDate "2015.10.08"]
[SourceQuality "1"]

1. d4 Nf6 2. c4 e5 3. d5 Bc5 4. Nc3 Ng4 5. e3 f5 6. Be2 h5 7. Nf3 d6 8. b4 Bxb4 9. Qa4+ Nc6 10. Bd2 Bxc3 11. Bxc3 Bd7 12. dxc6 Bxc6 13. Qc2 0-0 14. 0-0 Rf6 15. Rad1 Qe7 16. Rd2 Raf8 17. Qb3 Rg6 18. c5+ Kh8 19. cxd6 cxd6 20. Rfd1 f4 21. Bb4 fxe3 22. fxe3 Bxf3 23. Bxf3 Rxf3 24. Rxd6 Rxd6 25. gxf3 Qh4 0-1

[Event "Berlin Lichtenberger op 14th"]
[Site "Berlin"]
[Date "2015.08.18"]
[Round "4"]
[White "Hesselbarth, Karlheinz"]
[Black "Matitschka, Heinz"]
[Result "1/2-1/2"]
[WhiteElo "1732"]
[BlackElo "1910"]
[PlyCount "133"]
[EventDate "2015.08.15"]
[EventType "swiss"]
[EventRounds "9"]
[EventCountry "GER"]
[SourceTitle "EXT 2016"]
[Source "ChessBase"]
[SourceDate "2015.10.08"]
[SourceVersion "1"]
[SourceVersionDate "2015.10.08"]
[SourceQuality "1"]

1. d4 Nf6 2. c4 e6 3. Nc3 Bb4 4. e3 0-0 5. Bd3 d5 6. Nf3 c5 7. 0-0 dxc4 8. Bxc4 Nbd7 9. Qc2 cxd4 10. exd4 Bxc3 11. bxc3 Qc7 12. Bd3 b6 13. Ba3 Re8 14. Rfe1 Bb7 15. Ne5 Rac8 16. Re3 Nxe5 17. dxe5 Qc6 18. Rg3 Ne4 19. Bxe4 Qxe4 20. Qxe4 Bxe4 21. Rd1 Bd5 22. Rd2 Rc4 23. Bb2 Ra4 24. a3 Rc8 25. Rgd3 h6 26. f3 Kh7 27. Rd4 Rcc4 28. Rxc4 Rxc4 29. Rd4 Kg6 30. Rxc4 Bxc4 31. g3 Kf5 32. Kf2 Kxe5 33. Ke3 Kd5 34. a4 Bb3 35. Kd3 g6 36. Bc1 h5 37. Be3 Bxa4 38. c4+ Kd6 39. f4 f6 40. Bd4 e5 41. fxe5+ fxe5 42. Bb2 Bc6 43. Ba3+ Ke6 44. Ke3 Kf5 45. Bd6 Bg2 46. h4 Bf1 47. c5 Ke6 48. Bb8 bxc5 49. Bxa7 c4 50. Bc5 c3 51. Bb4 c2 52. Ba3 Bh3 53. Kd2 Bf5 54. Bb2 Kd5 55. Ke3 Bd7 56. Kd2 Ba4 57. Bc1 e4 58. Kc3 Ke5 59. Bf4+ Kd5 60. Be3 Ke5 61. Bf4+ Kf5 62. Kb4 e3 63. Bxe3 Bc6 64. Kc3 Be4 65. Kd2 Kg4 66. Bf4 Kf3 67. Kc1 1/2-1/2

[Event "Berlin Kreuzberg op"]
[Site "Berlin"]
[Date "2015.07.11"]
[Round "1"]
[White "Krefenstein, Sergej"]
[Black "Hesselbarth, Karlheinz"]
[Result "1-0"]
[WhiteElo "2182"]
[BlackElo "1783"]
[PlyCount "51"]
[EventDate "2015.07.11"]
[EventType "swiss"]
[EventRounds "9"]
[EventCountry "GER"]
[SourceTitle "CBM 167 Extra"]
[Source "ChessBase"]
[SourceDate "2015.09.14"]
[SourceVersion "1"]
[SourceVersionDate "2015.09.14"]
[SourceQuality "1"]

1. e4 e5 2. Nf3 Nc6 3. d4 exd4 4. Bc4 Nf6 5. e5 d5 6. Bb5 Ne4 7. Nxd4 Bd7 8. Bxc6 bxc6 9. 0-0 Be7 10. f3 Nc5 11. Nc3 0-0 12. Qe2 Rb8 13. f4 f5 14. Be3 Ne6 15. Nxe6 Bxe6 16. Na4 Rb5 17. c3 Qb8 18. b4 a5 19. a3 Rd8 20. Bc5 Kf8 21. Qh5 d4 22. Qxh7 dxc3 23. Bxe7+ Kxe7 24. Qxg7+ Ke8 25. Qf6 Bc4 26. Qxc6+ 1-0

[Event "Berlin-ch Seniors op 31st"]
[Site "Berlin"]
[Date "2015.02.02"]
[Round "4"]
[White "Hesselbarth, Karlheinz"]
[Black "Koeckeritz, Dieter"]
[Result "1/2-1/2"]
[WhiteElo "1599"]
[BlackElo "1413"]
[PlyCount "83"]
[EventDate "2015.01.29"]
[EventType "swiss"]
[EventRounds "9"]
[EventCountry "GER"]
[SourceTitle "EXT 2018"]
[Source "ChessBase"]
[SourceDate "2017.10.13"]
[SourceVersion "1"]
[SourceVersionDate "2017.10.13"]
[SourceQuality "1"]

1. d4 Nf6 2. c4 e6 3. Nc3 d5 4. Bg5 Be7 5. e3 h6 6. Bh4 c6 7. Qc2 Nbd7 8. cxd5 exd5 9. Bd3 0-0 10. Nf3 Re8 11. 0-0 Bd6 12. Rab1 Qc7 13. b4 Ng4 14. h3 Nh2 15. Nxh2 Bxh2+ 16. Kh1 Bd6 17. e4 dxe4 18. Nxe4 Nf8 19. Rfe1 Be6 20. Nxd6 Qxd6 21. Red1 Qd7 22. Kh2 Bd5 23. b5 Qd6+ 24. Bg3 Qf6 25. bxc6 Bxc6 26. Be5 Qg5 27. f3 Rac8 28. Qf2 Ne6 29. h4 Qe7 30. Qg3 Kh8 31. Bf5 f6 32. Bd6 Qd8 33. d5 Ba4 34. Re1 Nd4 35. Bxc8 Rxe1 36. Rxe1 Qxc8 37. Qf4 Qd7 38. Re7 Qd8 39. Re4 g5 40. hxg5 hxg5 41. Qg3 Nf5 42. Qe1 1/2-1/2

[Event "Berlin-ch Seniors op 30th"]
[Site "Berlin"]
[Date "2014.02.04"]
[Round "6"]
[White "Hesselbarth, Karlheinz"]
[Black "Scholz, Werner"]
[Result "0-1"]
[WhiteElo "1685"]
[BlackElo "1538"]
[PlyCount "72"]
[EventDate "2014.01.30"]
[EventType "swiss"]
[EventRounds "9"]
[EventCountry "GER"]
[SourceTitle "EXT 2018"]
[Source "ChessBase"]
[SourceDate "2017.10.13"]
[SourceVersion "1"]
[SourceVersionDate "2017.10.13"]
[SourceQuality "1"]

1. d4 c5 2. d5 d6 3. c4 g6 4. Nc3 Nf6 5. e4 Bg7 6. f3 0-0 7. Be3 Nbd7 8. Nh3 Nh5 9. g4 Bxc3+ 10. bxc3 Ng7 11. Be2 Ne5 12. Nf2 Qa5 13. Rc1 Qxa2 14. h4 h5 15. gxh5 Nxh5 16. Bh6 Ng3 17. Bxf8 Nxh1 18. Bxe7 Nxf3+ 19. Kf1 Ng3+ 20. Kg2 Nxe2 21. Rc2 Ne1+ 22. Qxe1 Qxc2 23. Bxd6 b6 24. Kf3 Nxc3 25. Qe3 Qe2+ 26. Qxe2 Nxe2 27. Kxe2 a5 28. e5 a4 29. Ne4 a3 30. Nf6+ Kg7 31. Ne8+ Kh8 32. e6 fxe6 33. Be5+ Kg8 34. d6 a2 35. d7 Bxd7 36. Nf6+ Kf7 0-1

[Event "GER-ch 2012-B-V1 serv"]
[Site "GER email"]
[Date "2012.12.30"]
[Round "?"]
[White "Wolff, Robert"]
[Black "Hesselbarth, Karlheinz"]
[Result "1-0"]
[WhiteElo "1999"]
[BlackElo "1774"]
[PlyCount "69"]
[EventDate "2012.05.15"]
[EventType "tourn (corr)"]
[EventRounds "6"]
[EventCountry "GER"]
[SourceTitle "Corr 2015"]
[Source "ChessBase"]
[SourceDate "2015.07.17"]
[SourceVersion "1"]
[SourceVersionDate "2015.07.17"]
[SourceQuality "1"]

1. e4 e5 2. Nf3 Nc6 3. Bb5 a6 4. Ba4 d6 5. 0-0 Bd7 6. d4 Nf6 7. c3 g6 8. Re1 b5 9. Bc2 Bg7 10. Nbd2 0-0 11. dxe5 dxe5 12. a4 b4 13. Nc4 Qe7 14. Ne3 Rfd8 15. Nd5 Nxd5 16. exd5 Bf5 17. Bxf5 gxf5 18. c4 e4 19. Bg5 f6 20. Bf4 Qc5 21. Nh4 Ne7 22. Qb3 Rd7 23. Red1 Rad8 24. Be3 Qa5 25. d6 cxd6 26. Bb6 Qe5 27. Bxd8 Rxd8 28. Qxb4 f4 29. Qb6 Rd7 30. Qxa6 f5 31. Qb5 Rc7 32. a5 Qe6 33. a6 Ra7 34. Ra5 Be5 35. Qb6 1-0

[Event "Berlin Lichtenberger op 11th"]
[Site "Berlin"]
[Date "2012.08.21"]
[Round "4"]
[White "Sauermann, Andreas"]
[Black "Hesselbarth, Karlheinz"]
[Result "1-0"]
[WhiteElo "1933"]
[BlackElo "1793"]
[PlyCount "55"]
[EventDate "2012.08.18"]
[EventType "swiss"]
[EventRounds "9"]
[EventCountry "GER"]
[SourceTitle "CBM 150 Extra"]
[Source "ChessBase"]
[SourceDate "2012.10.19"]
[SourceVersion "1"]
[SourceVersionDate "2012.10.19"]
[SourceQuality "1"]

1. e4 e5 2. Nf3 Nc6 3. Bb5 a6 4. Ba4 d6 5. 0-0 Bd7 6. c3 Nge7 7. d4 Ng6 8. dxe5 dxe5 9. Be3 Be7 10. Nbd2 h6 11. Re1 Bg5 12. Nxg5 hxg5 13. Bc5 Qf6 14. Qf3 Nf4 15. Rad1 g4 16. Qg3 Rh6 17. Nf1 0-0-0 18. Rd2 Rdh8 19. Red1 Rh3 20. gxh3 Rxh3 21. Qxf4 Qxf4 22. Rxd7 Qxe4 23. Bxc6 bxc6 24. Rxf7 Qc2 25. Rdd7 Rf3 26. Rxc7+ Kd8 27. Rfd7+ Ke8 28. Rxg7 1-0

[Event "Berlin Lichtenberger op 11th"]
[Site "Berlin"]
[Date "2012.08.18"]
[Round "1"]
[White "Hesselbarth, Karlheinz"]
[Black "Hahlbohm, Matthias"]
[Result "0-1"]
[WhiteElo "1793"]
[BlackElo "2065"]
[PlyCount "74"]
[EventDate "2012.08.18"]
[EventType "swiss"]
[EventRounds "9"]
[EventCountry "GER"]
[SourceTitle "CBM 150 Extra"]
[Source "ChessBase"]
[SourceDate "2012.10.19"]
[SourceVersion "1"]
[SourceVersionDate "2012.10.19"]
[SourceQuality "1"]

1. d4 c5 2. c3 d5 3. Nf3 e6 4. Bf4 Nc6 5. Nbd2 f5 6. e3 Nf6 7. Bd3 Be7 8. dxc5 Bxc5 9. 0-0 0-0 10. b4 Bd6 11. Bxd6 Qxd6 12. b5 Ne7 13. Nb3 e5 14. Nfd2 Be6 15. c4 Rad8 16. c5 Qc7 17. a4 Ne4 18. Rc1 Nxd2 19. Qxd2 d4 20. Bc4 Bxc4 21. Rxc4 d3 22. e4 Ng6 23. exf5 Rxf5 24. Re4 Qf7 25. Nc1 Qd5 26. Re3 Nf4 27. f3 Qxc5 28. Rf2 Rf7 29. Kf1 Rc7 30. Re1 Qc4 31. Rd1 h6 32. Ke1 Kh8 33. Qa2 d2+ 34. Rfxd2 Rxd2 35. Kxd2 Qd4+ 36. Ke1 Qg1+ 37. Kd2 Qf2+ 0-1

[Event "GER-ch 2012-B-V1 serv"]
[Site "GER email"]
[Date "2012.05.15"]
[Round "?"]
[White "Hesselbarth, Karlheinz"]
[Black "Gierth, Karlheinz"]
[Result "0-1"]
[WhiteElo "1774"]
[BlackElo "1954"]
[PlyCount "48"]
[EventDate "2012.05.15"]
[EventType "tourn (corr)"]
[EventRounds "6"]
[EventCountry "GER"]
[SourceTitle "Corr 2015"]
[Source "ChessBase"]
[SourceDate "2015.07.17"]
[SourceVersion "1"]
[SourceVersionDate "2015.07.17"]
[SourceQuality "1"]

1. d4 Nf6 2. c4 c5 3. d5 b5 4. cxb5 a6 5. e3 Bb7 6. Nc3 Qa5 7. Bd2 axb5 8. Bxb5 Qb6 9. Qb3 e6 10. e4 Nxe4 11. Nxe4 Bxd5 12. Qd3 f5 13. Ng3 Bxg2 14. a4 Qd6 15. Qe2 Nc6 16. Nf3 Qd5 17. Bxc6 dxc6 18. Ng5 Bxh1 19. 0-0-0 Rxa4 20. Rxh1 Be7 21. Nxe6 Kf7 22. Nxg7 Rb8 23. Qh5+ Kg8 24. Bc3 Qd3 0-1

[Event "GER-ch66 V01 email"]
[Site "GER email"]
[Date "2012.??.??"]
[Round "?"]
[White "Hesselbarth, Karlheinz"]
[Black "Berwig, Dieter"]
[Result "1-0"]
[WhiteElo "1774"]
[BlackElo "1788"]
[PlyCount "100"]
[EventDate "2011.10.01"]
[EventType "tourn (corr)"]
[EventRounds "6"]
[EventCountry "GER"]
[SourceTitle "Corr 2015"]
[Source "ChessBase"]
[SourceDate "2015.07.17"]
[SourceVersion "1"]
[SourceVersionDate "2015.07.17"]
[SourceQuality "1"]

1. d4 d5 2. Nf3 e6 3. c4 Nf6 4. Nc3 Be7 5. Bg5 0-0 6. e3 c6 7. Qc2 Nbd7 8. Rd1 dxc4 9. Bxc4 Nd5 10. Bxe7 Qxe7 11. Ne4 N7f6 12. Ng3 h6 13. 0-0 Nb4 14. Qb1 b5 15. Be2 Bb7 16. e4 a5 17. Rfe1 Rfd8 18. e5 Nfd5 19. Ne4 Nb6 20. h4 Nd7 21. Nd6 Nf8 22. Nd2 Rab8 23. h5 Ba8 24. N2e4 Nd5 25. Rd2 Nh7 26. Nc5 Nf4 27. Bf3 Ng5 28. Bd1 Ngh3+ 29. Kh2 Ng5 30. g3 Nd5 31. f4 Nh7 32. Bc2 Nf8 33. Qd1 Nh7 34. Qg4 Nf8 35. f5 Qg5 36. Qxg5 hxg5 37. Kh3 exf5 38. Bxf5 Nc7 39. Kg4 f6 40. Rh2 Ne8 41. Nxe8 Rxd4+ 42. Re4 Rxe4+ 43. Nxe4 Rxe8 44. exf6 Re5 45. fxg7 Kxg7 46. h6+ Kh8 47. Kxg5 c5 48. Kf4 Rd5 49. Nf6 Rd4+ 50. Ke5 Bc6 1-0

[Event "GER-ch 2012-B-V1 serv"]
[Site "GER email"]
[Date "2012.??.??"]
[Round "?"]
[White "Hesselbarth, Karlheinz"]
[Black "Fiensch, Guenter"]
[Result "1/2-1/2"]
[WhiteElo "1774"]
[BlackElo "2110"]
[PlyCount "46"]
[EventDate "2012.05.15"]
[EventType "tourn (corr)"]
[EventRounds "6"]
[EventCountry "GER"]
[SourceTitle "Corr 2015"]
[Source "ChessBase"]
[SourceDate "2015.07.17"]
[SourceVersion "1"]
[SourceVersionDate "2015.07.17"]
[SourceQuality "1"]

1. d4 Nf6 2. c4 e6 3. Nc3 Bb4 4. e3 0-0 5. Bd3 d5 6. Nf3 c5 7. 0-0 Nc6 8. a3 Bxc3 9. bxc3 Qc7 10. cxd5 exd5 11. a4 Re8 12. Ba3 c4 13. Bc2 Qa5 14. Qc1 Ne4 15. Bxe4 Rxe4 16. Nd2 Rg4 17. f3 Rg6 18. e4 Be6 19. Bd6 h5 20. Rf2 h4 21. Nf1 Qd8 22. Qa3 Qd7 23. Ne3 h3 1/2-1/2

[Event "GER-ch 2013-B-V1 serv"]
[Site "GER email"]
[Date "2012.??.??"]
[Round "?"]
[White "Hesselbarth, Karlheinz"]
[Black "Schmidt, Alfred"]
[Result "1-0"]
[WhiteElo "1774"]
[BlackElo "1561"]
[PlyCount "59"]
[EventDate "2013.05.01"]
[EventType "tourn (corr)"]
[EventRounds "6"]
[EventCountry "GER"]
[SourceTitle "Corr 2015"]
[Source "ChessBase"]
[SourceDate "2015.07.17"]
[SourceVersion "1"]
[SourceVersionDate "2015.07.17"]
[SourceQuality "1"]

1. d4 Nf6 2. c4 g6 3. Nc3 Bg7 4. e4 d6 5. f3 0-0 6. Be3 e5 7. d5 c5 8. Qd2 Nbd7 9. h4 h5 10. Nh3 Nh7 11. Nf2 a6 12. g4 Ndf6 13. Be2 Rb8 14. 0-0-0 Bd7 15. Rdg1 b5 16. f4 b4 17. Ncd1 a5 18. gxh5 Nxh5 19. fxe5 Qe7 20. Bxh5 gxh5 21. Bh6 Bg4 22. Nxg4 hxg4 23. Rxg4 f6 24. Rhg1 Rf7 25. e6 Rbf8 26. exf7+ Rxf7 27. Ne3 Kh8 28. Nf5 Qf8 29. Bxg7+ Rxg7 30. Rxg7 1-0